[Event "EYCC 2017"]
[Site "Mamaia"]
[Date "2017.09.05"]
[Round "1"]
[White "Padurariu, Mihai-Edward"]
[Black "Gavrilescu, David"]
[Result "0-1"]
[WhiteElo "2015"]
[BlackElo "2359"]
[Annotator "TA"]
[PlyCount "106"]
[EventDate "2017.??.??"]
[EventType "swiss"]
[EventCountry "ROU"]
[SourceTitle "playchess.com"]
[Source "ChessBase"]
[SourceQuality "1"]

1. e4 c5 2. Nf3 e6 3. g3 Nf6 4. e5 Ng4 5. h3 Nh6 6. Bg2 Nc6 7. O-O Nf5 8. d3 Qc7 9. Re1 g6 10. c3 Bg7 11. d4 O-O 12. b3 cxd4 13. cxd4 d6 14. Ba3 Rd8 15. g4 Nfxd4 16. Nxd4 dxe5 17. Nd2 exd4 18. Rc1 d3 19. Bc5 Qa5 20. a3 Nd4 21. Bxd4 Bxd4 22. Nc4 Qg5 23. Qd2 Qxd2 24. Nxd2 Bb2 25. Rb1 Bxa3 26. b4 a5 27. bxa5 Rxa5 28. Nc4 Ra7 29. Red1 Bc5 30. Bf1 Ra2 31. Rb2 Rxb2 32. Nxb2 d2 33. Nd3 Bd4 34. Rxd2 Rd6 35. Rc2 Bd7 36. Bg2 b6 37. Nb2 Bc5 38. Bf1 Rd4 39. Nd3 Bd6 40. Rb2 b5 41. f3 Ba3 42. Rb1 b4 43. Kf2 Ba4 44. Ke3 Rc4 45. Be2 Kf8 46. Bd1 Bxd1 47. Rxd1 b3 48. Rb1 b2 49. Kd2 Ke7 50. Nxb2 Rb4 51. Kc2 Rxb2+ 52. Rxb2 Bxb2 53. Kxb2 Kf6 0-1

[Event "EYCC 2017"]
[Site "Mamaia"]
[Date "2017.09.05"]
[Round "1"]
[White "Grigoryan, Arpine"]
[Black "Schneider, Jana"]
[Result "1/2-1/2"]
[WhiteElo "2011"]
[BlackElo "2275"]
[Annotator "TA"]
[PlyCount "119"]
[EventDate "2017.??.??"]
[EventType "swiss"]
[EventCountry "ROU"]
[SourceTitle "playchess.com"]
[Source "ChessBase"]
[SourceQuality "1"]

1. e4 e6 2. d4 d5 3. Nd2 c5 4. exd5 Qxd5 5. Ngf3 cxd4 6. Bc4 Qd6 7. O-O Nf6 8. Nb3 Nc6 9. Nbxd4 Nxd4 10. Qxd4 Qxd4 11. Nxd4 Bd7 12. Be2 Rc8 13. c4 Bd6 14. Be3 b6 15. a4 a5 16. Nb5 Bxb5 17. axb5 Nd7 18. Rfd1 Ke7 19. Rab1 Rhd8 20. Kf1 Bc5 21. Bxc5+ Nxc5 22. Rxd8 Rxd8 23. b4 Ne4 24. Ke1 axb4 25. f3 Nf6 26. Rxb4 Ra8 27. Rb2 Kd6 28. Rd2+ Kc5 29. Kf2 Rc8 30. Ke3 Ne8 31. Rd7 Rc7 32. Rxc7+ Nxc7 33. Kd3 e5 34. g4 Ne6 35. Ke4 f6 36. h4 Kd6 37. Ke3 Nf4 38. Bf1 h6 39. h5 Ne6 40. Ke4 Ng5+ 41. Ke3 Kc5 42. Bd3 Nf7 43. f4 Nd6 44. fxe5 fxe5 45. Be2 e4 46. Bf1 Nxc4+ 47. Bxc4 Kxc4 48. Kxe4 Kxb5 49. Kf5 Kc4 50. Kg6 b5 51. Kxg7 b4 52. g5 hxg5 53. h6 b3 54. h7 b2 55. h8=Q b1=Q 56. Qc8+ Kb3 57. Qb7+ Ka2 58. Qa8+ Kb2 59. Qg2+ Qc2 60. Qg1 1/2-1/2

[Event "EYCC 2017"]
[Site "Mamaia"]
[Date "2017.09.05"]
[Round "1"]
[White "Ghimpu, Samuel-Timotei"]
[Black "Isik, Alparslan"]
[Result "1/2-1/2"]
[WhiteElo "2001"]
[BlackElo "2336"]
[Annotator "TA"]
[PlyCount "145"]
[EventDate "2017.??.??"]
[EventType "swiss"]
[EventCountry "ROU"]
[SourceTitle "playchess.com"]
[Source "ChessBase"]
[SourceQuality "1"]

1. d4 Nf6 2. c4 g6 3. Nc3 Bg7 4. e4 d6 5. Nf3 O-O 6. Be2 e5 7. dxe5 dxe5 8. Bg5 Nbd7 9. h3 c6 10. O-O Qc7 11. Qc2 Nc5 12. Rfd1 Ne6 13. Be3 Nf4 14. Bf1 Be6 15. Kh2 Nd7 16. g3 Nh5 17. Ng5 Rfe8 18. Nxe6 Rxe6 19. c5 Ree8 20. Rd2 Nf8 21. Rad1 Bf6 22. Bc4 Ng7 23. Qb3 Rad8 24. Qa3 a6 25. Ne2 Nge6 26. Qc3 Rxd2 27. Rxd2 Rd8 28. Rxd8 Qxd8 29. Qd3 Qa5 30. Qc3 Qxc3 31. Nxc3 Bg5 32. Bxg5 Nxg5 33. Kg2 Nge6 34. b4 Nd4 35. Bd3 Nfe6 36. Na4 Nc7 37. Nb6 f6 38. a4 a5 39. bxa5 Nde6 40. Nc8 Nxc5 41. a6 N7xa6 42. Bxa6 Nxa6 43. a5 Nc5 44. Nd6 Kf8 45. Kf3 Ke7 46. Nc4 Kd7 47. Ke3 Kc7 48. f4 Nd7 49. Kd3 b5 50. axb6+ Nxb6 51. Ne3 Kd6 52. h4 Nd7 53. Kc4 Nc5 54. f5 Nxe4 55. g4 Kd7 56. Kd3 Nd6 57. fxg6 hxg6 58. h5 gxh5 59. gxh5 Ke6 60. h6 f5 61. h7 Nf7 62. Nc4 Kf6 63. Nd6 Nh8 64. Ke3 Ng6 65. Kf3 f4 66. Ne4+ Kg7 67. Ng5 Kh6 68. Kg4 c5 69. Ne6 Kxh7 70. Nxc5 Kh6 71. Nd3 e4 72. Nxf4 Ne5+ 73. Kf5 1/2-1/2

[Event "EYCC 2017"]
[Site "Mamaia"]
[Date "2017.09.05"]
[Round "1"]
[White "Olariu, Luca-Stefan"]
[Black "Zachary, Matheo"]
[Result "0-1"]
[WhiteElo "1993"]
[BlackElo "2330"]
[Annotator "TA"]
[PlyCount "72"]
[EventDate "2017.??.??"]
[EventType "swiss"]
[EventCountry "ROU"]
[SourceTitle "playchess.com"]
[Source "ChessBase"]
[SourceQuality "1"]

1. d4 d5 2. c4 c6 3. Nf3 Nf6 4. Nc3 dxc4 5. a4 Bf5 6. e3 e6 7. Bxc4 Bb4 8. O-O Nbd7 9. Nh4 Bg4 10. f3 Bh5 11. g4 Bg6 12. e4 O-O 13. Nxg6 hxg6 14. g5 Ne8 15. Be3 Nd6 16. Be2 e5 17. dxe5 Nxe5 18. Qb3 Ba5 19. Rad1 Qc7 20. Bc5 Bb6 21. Qb4 Rfd8 22. a5 Bxc5+ 23. Qxc5 f6 24. Nd5 Qd7 25. Ne3 Qe6 26. gxf6 gxf6 27. Nc2 Kg7 28. Nd4 Qe7 29. f4 Nef7 30. Bc4 b6 31. Qb4 c5 32. Nc6 cxb4 33. Nxe7 Nxc4 34. Rc1 Nd2 35. Rfd1 Nxe4 36. a6 Nc5 0-1

[Event "EYCC 2017"]
[Site "Mamaia"]
[Date "2017.09.05"]
[Round "1"]
[White "Leriche, Ines"]
[Black "Gueci, Tea"]
[Result "0-1"]
[WhiteElo "1991"]
[BlackElo "2200"]
[Annotator "TA"]
[PlyCount "98"]
[EventDate "2017.??.??"]
[EventType "swiss"]
[EventCountry "ROU"]
[SourceTitle "playchess.com"]
[Source "ChessBase"]
[SourceQuality "1"]

1. d4 d5 2. c4 e6 3. Nc3 c6 4. e3 Nf6 5. Nf3 Nbd7 6. Bd3 dxc4 7. Bxc4 b5 8. Bd3 Bd6 9. O-O O-O 10. Qe2 Bb7 11. Bd2 Re8 12. Rac1 Rc8 13. Ng5 h6 14. Nge4 Bf8 15. a3 e5 16. Nxf6+ Qxf6 17. Ne4 Qe6 18. Nc5 Nxc5 19. dxc5 Rcd8 20. Bb1 Bc8 21. Ba5 Rd7 22. Rfd1 e4 23. Rxd7 Bxd7 24. Qd2 Bc8 25. b4 Be7 26. Ba2 Qg6 27. Kh1 h5 28. Bc7 h4 29. h3 Qf5 30. Rd1 g5 31. Qe2 Qg6 32. Bd6 Bf6 33. Rf1 Kg7 34. f3 Bf5 35. Qf2 exf3 36. Qxf3 Be4 37. Qg4 Bd3 38. Re1 Bc3 39. Qd7 Re4 40. Rc1 Bb2 41. Rd1 Rxe3 42. Qd8 Rxh3+ 43. Bh2 Re3 44. Bd6 h3 45. Qf8+ Kh7 46. Qxf7+ Qxf7 47. Bxf7 Be4 48. Rd2 hxg2+ 49. Kh2 Rh3+ 0-1

[Event "EYCC 2017"]
[Site "Mamaia"]
[Date "2017.09.05"]
[Round "1"]
[White "Masague Artero, Guerau"]
[Black "Henderson de La Fuente, Lance"]
[Result "0-1"]
[WhiteElo "1962"]
[BlackElo "2412"]
[Annotator "TA"]
[PlyCount "60"]
[EventDate "2017.??.??"]
[EventType "swiss"]
[EventCountry "ROU"]
[SourceTitle "playchess.com"]
[Source "ChessBase"]
[SourceQuality "1"]

1. d4 Nf6 2. c4 e6 3. Nc3 Bb4 4. e3 O-O 5. Nge2 c6 6. a3 Ba5 7. Ng3 d5 8. cxd5 exd5 9. Bd3 Bc7 10. O-O Re8 11. b4 Nbd7 12. Qb3 Ng4 13. Nce2 Qh4 14. h3 Nxf2 15. Rxf2 Bxg3 16. Nxg3 Qxg3 17. e4 Nf6 18. Bf4 Qh4 19. e5 Ne4 20. Bxe4 dxe4 21. Bg5 Be6 22. Qe3 Qh5 23. g4 Qg6 24. Raf1 h6 25. Bh4 a5 26. bxa5 Rxa5 27. Rf6 gxf6 28. Rxf6 Qg7 29. Rxh6 Rxa3 30. Qc1 Rxh3 0-1

[Event "EYCC 2017"]
[Site "Mamaia"]
[Date "2017.09.05"]
[Round "1"]
[White "O`Gorman, Alice"]
[Black "Balajayeva, Khanim"]
[Result "1/2-1/2"]
[WhiteElo "1919"]
[BlackElo "2282"]
[Annotator "TA"]
[PlyCount "85"]
[EventDate "2017.??.??"]
[EventType "swiss"]
[EventCountry "ROU"]
[SourceTitle "playchess.com"]
[Source "ChessBase"]
[SourceQuality "1"]

1. e4 e5 2. Nf3 Nc6 3. Bc4 Nf6 4. d3 Bc5 5. O-O O-O 6. c3 d5 7. exd5 Nxd5 8. Re1 Bg4 9. h3 Bxf3 10. Qxf3 Nde7 11. Bg5 Qd7 12. Nd2 Kh8 13. Ne4 Bd6 14. Re3 f5 15. Nxd6 cxd6 16. Bxe7 Nxe7 17. Rae1 Rae8 18. Bb3 Ng6 19. Bd5 Qb5 20. b3 f4 21. c4 Qb6 22. R3e2 Nh4 23. Qh5 Nf5 24. Be4 g6 25. Qg4 Nd4 26. Rb2 Qc7 27. b4 b6 28. a4 Rf6 29. Ra1 h5 30. Qd1 Qd7 31. Kh2 Rc8 32. a5 b5 33. Rc1 f3 34. cxb5 Rxc1 35. Qxc1 d5 36. Qh6+ Kg8 37. Bxf3 Nxf3+ 38. gxf3 Qe6 39. Rc2 Rxf3 40. Rc8+ Qxc8 41. Qxg6+ Kf8 42. Qd6+ Ke8 43. Qxe5+ 1/2-1/2

[Event "EYCC 2017"]
[Site "Mamaia"]
[Date "2017.09.05"]
[Round "1"]
[White "Rollot, Florence"]
[Black "Afonasieva, Anna"]
[Result "0-1"]
[WhiteElo "1910"]
[BlackElo "2263"]
[Annotator "TA"]
[PlyCount "92"]
[EventDate "2017.??.??"]
[EventType "swiss"]
[EventCountry "ROU"]
[SourceTitle "playchess.com"]
[Source "ChessBase"]
[SourceQuality "1"]

1. Nf3 Nf6 2. c4 g6 3. g3 Bg7 4. Bg2 O-O 5. O-O c6 6. Nc3 d5 7. cxd5 cxd5 8. d4 Nc6 9. Qb3 Ne4 10. Rd1 Nxc3 11. Qxc3 Bg4 12. h3 Bxf3 13. Bxf3 Rc8 14. Qb3 Nxd4 15. Qxb7 Rc7 16. Qa6 Nxf3+ 17. exf3 Qd7 18. Kg2 Rfc8 19. Rb1 Qf5 20. Bd2 Rc2 21. b3 Bd4 22. g4 Qd7 23. Qd3 Bb6 24. a4 a5 25. Rbc1 Qc6 26. Qa6 Rb8 27. Be3 d4 28. Bf4 d3 29. Qxd3 Rxf2+ 30. Kg3 Qb7 31. Qd5 Re2 32. Qxb7 Rxb7 33. Rf1 f6 34. h4 Kg7 35. Rfd1 Bf2+ 36. Kg2 Be3+ 37. Kf1 Rf2+ 38. Ke1 Bxc1 39. Kxf2 Bxf4 40. Rd5 Bc7 41. Rd3 Bd6 42. Ke3 Kf7 43. Kd4 Ke6 44. Re3+ Kd7 45. Kd5 Rb4 46. Rc3 e6# 0-1

[Event "EYCC 2017"]
[Site "Mamaia"]
[Date "2017.09.05"]
[Round "1"]
[White "Koutsidi, Amalia"]
[Black "Maltsevskaya, Aleksandra"]
[Result "0-1"]
[WhiteElo "1870"]
[BlackElo "2271"]
[Annotator "TA"]
[PlyCount "84"]
[EventDate "2017.??.??"]
[EventType "swiss"]
[EventCountry "ROU"]
[SourceTitle "playchess.com"]
[Source "ChessBase"]
[SourceQuality "1"]

1. e4 c5 2. Nf3 e6 3. d4 cxd4 4. Nxd4 Nc6 5. Nb5 d6 6. c4 Nf6 7. N1c3 a6 8. Na3 Be7 9. Be2 O-O 10. O-O b6 11. Be3 Ne5 12. f4 Ned7 13. Bf3 Bb7 14. Qd2 Qc7 15. Rfe1 Rac8 16. Rac1 Qb8 17. Qe2 Rfe8 18. Bf2 Qa8 19. Red1 Nc5 20. Bxc5 bxc5 21. e5 Bxf3 22. Qxf3 Qxf3 23. gxf3 dxe5 24. fxe5 Nh5 25. Ne4 Red8 26. Kf2 f5 27. exf6 gxf6 28. Nc2 f5 29. Ng3 Bh4 30. Kg2 Nf4+ 31. Kf1 Nd3 32. Rb1 Ne5 33. Rxd8+ Rxd8 34. Re1 Nxf3 35. Rxe6 Kf7 36. Re2 Nd2+ 37. Kg2 f4 38. Rf2 f3+ 39. Kh3 Bxg3 40. hxg3 Kg6 41. Ne1 Ne4 42. Rf1 Rd1 0-1

[Event "EYCC 2017"]
[Site "Mamaia"]
[Date "2017.09.05"]
[Round "1"]
[White "Karykowska, Anna"]
[Black "Sieber, Fiona"]
[Result "0-1"]
[WhiteElo "1860"]
[BlackElo "2277"]
[Annotator "TA"]
[PlyCount "122"]
[EventDate "2017.??.??"]
[EventType "swiss"]
[EventCountry "ROU"]
[SourceTitle "playchess.com"]
[Source "ChessBase"]
[SourceQuality "1"]

1. e4 c5 2. Nf3 d6 3. Nc3 Nc6 4. d4 cxd4 5. Nxd4 Nf6 6. h3 e5 7. Nde2 h6 8. g4 Be6 9. Bg2 Ne7 10. f4 exf4 11. Nxf4 Qb6 12. Qd3 Rc8 13. Nb5 Ng6 14. Nxg6 fxg6 15. Be3 Qa6 16. Rd1 Nd7 17. Nxd6+ Bxd6 18. Qxd6 Rxc2 19. Qxa6 bxa6 20. Rd2 Rc1+ 21. Kf2 Rf8+ 22. Kg3 Rxh1 23. Bxh1 Bxa2 24. Bxa7 Rf7 25. Bd4 Re7 26. Re2 Ne5 27. b4 Bb1 28. Re1 Bd3 29. Rd1 Bb5 30. Bc5 Re6 31. Rd6 Kf7 32. Bg2 Re8 33. Rd2 Nd3 34. Rd1 a5 35. Rb1 Nxc5 36. bxc5 Bc6 37. Kf4 g5+ 38. Ke3 Ke6 39. Rb6 Kd7 40. Ra6 Ra8 41. Rxa8 Bxa8 42. Kd4 Bb7 43. Bf3 a4 44. Be2 a3 45. Bb5+ Ke7 46. Bc4 Ba6 47. Bd5 Bf1 48. Ke5 Bxh3 49. Kf5 h5 50. Kxg5 Bxg4 51. c6 Bf3 52. Kf4 Be2 53. Kg5 Bd3 54. e5 Be2 55. e6 Kd6 56. Kg6 h4 57. Kf7 h3 58. e7 Bh5+ 59. Kf8 h2 60. e8=Q Bxe8 61. Kxe8 Kc7 0-1

[Event "EYCC 2017"]
[Site "Mamaia"]
[Date "2017.09.05"]
[Round "1"]
[White "Heydarova, Aytaj"]
[Black "Goltseva, Ekaterina"]
[Result "0-1"]
[WhiteElo "1850"]
[BlackElo "2214"]
[Annotator "TA"]
[PlyCount "112"]
[EventDate "2017.??.??"]
[EventType "swiss"]
[EventCountry "ROU"]
[SourceTitle "playchess.com"]
[Source "ChessBase"]
[SourceQuality "1"]

1. Nf3 d5 2. g3 Nf6 3. Bg2 g6 4. O-O Bg7 5. d3 O-O 6. c3 c5 7. Nbd2 Nc6 8. e4 e6 9. Qc2 a5 10. a4 b6 11. Rd1 Ba6 12. Nf1 Rc8 13. Bf4 Re8 14. Ne5 Bb7 15. Nxc6 Bxc6 16. Qb3 h6 17. Be5 Ng4 18. Bxg7 Kxg7 19. h3 Nf6 20. Ne3 Rb8 21. e5 Nd7 22. d4 b5 23. axb5 Rxb5 24. Qc2 cxd4 25. cxd4 Qb6 26. Qc3 Rb4 27. b3 Rc8 28. Ra3 Bb7 29. Qd2 h5 30. Bf1 Nb8 31. g4 h4 32. Ra4 Rxb3 33. Qxa5 Qc6 34. Raa1 Qc3 35. Qxc3 Rcxc3 36. Rab1 g5 37. Rxb3 Rxb3 38. Nc2 Nc6 39. Kg2 f6 40. exf6+ Kxf6 41. Rd3 Rxd3 42. Bxd3 e5 43. dxe5+ Kxe5 44. Kf1 Nd4 45. Ne3 Ne6 46. Ng2 Nf4 47. Nxf4 Kxf4 48. Ke1 d4 49. Bf1 Be4 50. Ke2 d3+ 51. Kd2 Kf3 52. Bxd3 Bxd3 53. Kxd3 Kxf2 54. Ke4 Kg3 55. Kf5 Kxh3 56. Kxg5 Kg3 0-1

[Event "EYCC 2017"]
[Site "Mamaia"]
[Date "2017.09.05"]
[Round "1"]
[White "Posuniak, Weronika"]
[Black "Kubicka, Anna"]
[Result "0-1"]
[WhiteElo "1833"]
[BlackElo "2226"]
[Annotator "TA"]
[PlyCount "74"]
[EventDate "2017.??.??"]
[EventType "swiss"]
[EventCountry "ROU"]
[SourceTitle "playchess.com"]
[Source "ChessBase"]
[SourceQuality "1"]

1. d4 Nf6 2. c4 c5 3. d5 e6 4. Nc3 exd5 5. Nxd5 Nxd5 6. cxd5 d6 7. e4 g6 8. Bd2 Bg7 9. Bc3 Bxc3+ 10. bxc3 Qa5 11. Qb3 O-O 12. Nf3 Re8 13. Nd2 a6 14. Be2 b5 15. O-O Nd7 16. a4 b4 17. cxb4 cxb4 18. Rfb1 Rb8 19. Qg3 Ne5 20. Nb3 Qb6 21. a5 Qa7 22. Kh1 f5 23. exf5 Bxf5 24. Rc1 Be4 25. f4 Nf7 26. Bc4 Nh6 27. Re1 Nf5 28. Qh3 Qf2 29. Re2 Qxf4 30. Rae1 Re5 31. Bxa6 Bxd5 32. Rxe5 dxe5 33. Qd3 Rd8 34. Kg1 e4 35. Qc2 e3 36. Nc1 Nd4 37. Qd1 Qf2+ 0-1

[Event "EYCC 2017"]
[Site "Mamaia"]
[Date "2017.09.05"]
[Round "1"]
[White "Antal, Hunor-Zoltan"]
[Black "Murzin, Volodar"]
[Result "1-0"]
[WhiteElo "1765"]
[BlackElo "2280"]
[Annotator "TA"]
[PlyCount "77"]
[EventDate "2017.??.??"]
[EventType "swiss"]
[EventCountry "ROU"]
[SourceTitle "playchess.com"]
[Source "ChessBase"]
[SourceQuality "1"]

1. d4 Nf6 2. Nf3 g6 3. c4 Bg7 4. g3 c6 5. Bg2 d5 6. cxd5 cxd5 7. Nc3 O-O 8. O-O Nc6 9. Ne5 Bf5 10. Nxc6 bxc6 11. Bf4 Rc8 12. Na4 Nd7 13. Rc1 Re8 14. Nc5 Nxc5 15. Rxc5 Qb6 16. Be3 Qxb2 17. Qa4 Qxe2 18. Rfc1 h5 19. Bxd5 cxd5 20. Rxc8 Rxc8 21. Rxc8+ Bxc8 22. Qe8+ Kh7 23. Qxc8 Qxa2 24. Qe8 Qb1+ 25. Kg2 Qe4+ 26. Kg1 Qe6 27. Qa4 a6 28. Qa5 h4 29. gxh4 Bxd4 30. Bxd4 Qg4+ 31. Kh1 Qxd4 32. Qxa6 Qxf2 33. Qb5 d4 34. h5 Qf3+ 35. Kg1 Qxh5 36. Qe8 Qg4+ 37. Kf2 Qf5+ 38. Ke2 e5 39. Ke1 1-0

[Event "EYCC 2017"]
[Site "Mamaia"]
[Date "2017.09.05"]
[Round "1"]
[White "Kristoferitsch, Daniel"]
[Black "Tsvetkov, Andrey"]
[Result "0-1"]
[WhiteElo "1743"]
[BlackElo "2219"]
[Annotator "TA"]
[PlyCount "72"]
[EventDate "2017.??.??"]
[EventType "swiss"]
[EventCountry "ROU"]
[SourceTitle "playchess.com"]
[Source "ChessBase"]
[SourceQuality "1"]

1. d4 d5 2. c4 c6 3. Nf3 Nf6 4. Nbd2 Bf5 5. Nh4 Bg4 6. Qb3 Qc7 7. g3 e6 8. Bg2 Nbd7 9. e4 dxe4 10. Nxe4 Nxe4 11. Bxe4 Nf6 12. Bg2 Rd8 13. O-O Rxd4 14. Be3 Rd7 15. Bxa7 Be7 16. Bb6 Qb8 17. Nf3 O-O 18. Rfe1 Bd6 19. Rad1 Bc7 20. Rxd7 Nxd7 21. Be3 e5 22. h3 Bh5 23. g4 Bg6 24. Rd1 Nf6 25. Rd2 h6 26. Qd1 Ba5 27. Rd6 Bc2 28. Qxc2 Qxd6 29. a3 Rd8 30. Bf1 Bc7 31. Nd2 Bb6 32. Ne4 Nxe4 33. Bxb6 Ng5 34. Bxd8 Nf3+ 35. Kh1 e4 36. Qxe4 Qh2# 0-1

[Event "EYCC 2017"]
[Site "Mamaia"]
[Date "2017.09.05"]
[Round "1"]
[White "Priseajniuc, Andrei"]
[Black "Borhy, Marcell"]
[Result "1/2-1/2"]
[WhiteElo "1732"]
[BlackElo "2199"]
[Annotator "TA"]
[PlyCount "106"]
[EventDate "2017.??.??"]
[EventType "swiss"]
[EventCountry "ROU"]
[SourceTitle "playchess.com"]
[Source "ChessBase"]
[SourceQuality "1"]

1. e4 c5 2. Nc3 Nc6 3. f4 d6 4. Nf3 Nf6 5. Bb5 Bd7 6. d3 e6 7. O-O Qb6 8. Bxc6 Bxc6 9. Qe2 O-O-O 10. e5 Nd5 11. Ne4 Qc7 12. Bd2 dxe5 13. fxe5 h6 14. Qf2 b6 15. c3 Qb7 16. Qg3 f5 17. Nd6+ Bxd6 18. exd6 g5 19. c4 Nb4 20. Bxb4 cxb4 21. Qe5 Qd7 22. c5 bxc5 23. Qxc5 Qxd6 24. Qxa7 Bxf3 25. Rxf3 Qd4+ 26. Qxd4 Rxd4 27. Rc1+ Kd7 28. Rc4 Rxc4 29. dxc4 Kd6 30. Rd3+ Kc5 31. b3 f4 32. h3 h5 33. Kf2 g4 34. h4 Rg8 35. Rd7 Ra8 36. Rd2 Rg8 37. Rd7 Ra8 38. Rd2 Ra7 39. Ke2 Re7 40. Kf2 Ra7 41. Ke2 Re7 42. Kf2 e5 43. Rd5+ Kc6 44. Ke2 e4 45. Rxh5 f3+ 46. gxf3 exf3+ 47. Kf1 g3 48. Rg5 Re2 49. Rxg3 Rxa2 50. Rh3 Rb2 51. Rxf3 Rh2 52. h5 Rxh5 53. Rh3 Rxh3 1/2-1/2

[Event "EYCC 2017"]
[Site "Mamaia"]
[Date "2017.09.05"]
[Round "1"]
[White "van den Brink, Nienke"]
[Black "Beydullayeva, Govhar"]
[Result "0-1"]
[WhiteElo "1686"]
[BlackElo "2164"]
[Annotator "TA"]
[PlyCount "42"]
[EventDate "2017.??.??"]
[EventType "swiss"]
[EventCountry "ROU"]
[SourceTitle "playchess.com"]
[Source "ChessBase"]
[SourceQuality "1"]

1. c4 c6 2. Nc3 d5 3. e3 Nf6 4. Nf3 e6 5. d4 Nbd7 6. Bd3 dxc4 7. Bxc4 b5 8. Bd3 Bb7 9. a3 Bd6 10. b4 a5 11. Rb1 axb4 12. axb4 Qe7 13. Qb3 Nd5 14. Nxd5 exd5 15. O-O O-O 16. Re1 Nf6 17. Qb2 Ra4 18. Bd2 Ne4 19. Qc2 Rfa8 20. Bxe4 dxe4 21. Ne5 Ra2 0-1

[Event "EYCC 2017"]
[Site "Mamaia"]
[Date "2017.09.06"]
[Round "2"]
[White "Sorokin, Aleksey"]
[Black "Arcuti, Davide"]
[Result "1-0"]
[WhiteElo "2486"]
[BlackElo "2349"]
[Annotator "TA"]
[PlyCount "88"]
[EventDate "2017.??.??"]
[EventType "swiss"]
[EventCountry "ROU"]
[SourceTitle "playchess.com"]
[Source "ChessBase"]
[SourceQuality "1"]

1. d4 Nf6 2. c4 e6 3. g3 d5 4. Bg2 Bb4+ 5. Nd2 O-O 6. Ngf3 dxc4 7. a3 Be7 8. Nxc4 c5 9. O-O Nc6 10. dxc5 Bxc5 11. b4 Be7 12. b5 Na5 13. Nfe5 Nxc4 14. Nxc4 Qc7 15. Qb3 e5 16. b6 Qb8 17. Qb2 Nd7 18. bxa7 Rxa7 19. Be3 Ra4 20. Qb5 Qa8 21. Rfc1 Qa6 22. Qxa6 Rxa6 23. a4 Bc5 24. a5 Re8 25. Bxc5 Nxc5 26. Nb6 Nb3 27. Nxc8 Nxa1 28. Rxa1 Rxc8 29. Bxb7 Rca8 30. Bxa8 Rxa8 31. a6 Ra7 32. f4 exf4 33. gxf4 f5 34. Kf2 Kf7 35. Ke3 Ke6 36. Kd4 Kd6 37. h4 g6 38. Ra2 Kc6 39. Ke5 Kc5 40. h5 Kc4 41. hxg6 hxg6 42. Kf6 Kd4 43. Kxg6 Ke4 44. Ra4+ Kd5 1-0

[Event "EYCC 2017"]
[Site "Mamaia"]
[Date "2017.09.06"]
[Round "2"]
[White "Van Foreest, Lucas"]
[Black "Olsen, Filip Boe"]
[Result "1-0"]
[WhiteElo "2485"]
[BlackElo "2279"]
[Annotator "TA"]
[PlyCount "101"]
[EventDate "2017.??.??"]
[EventType "swiss"]
[EventCountry "ROU"]
[SourceTitle "playchess.com"]
[Source "ChessBase"]
[SourceQuality "1"]

1. d4 d5 2. c4 c6 3. Nf3 Nf6 4. Nc3 dxc4 5. a4 Bf5 6. Ne5 Nbd7 7. Nxc4 Nb6 8. Ne5 a5 9. f3 Nfd7 10. Nd3 Bg6 11. Bg5 f6 12. Bh4 e5 13. Nxe5 Nxe5 14. dxe5 Qxd1+ 15. Kxd1 fxe5 16. e4 Bc5 17. Kc2 Nd5 18. Nxd5 cxd5 19. Bb5+ Kf7 20. Kb3 dxe4 21. fxe4 Rhc8 22. Bc4+ Ke8 23. Bb5+ Kf7 24. Bc4+ Ke8 25. Rhf1 Kd7 26. Rfd1+ Kc6 27. Be6 Rf8 28. Rac1 Kb6 29. Rd5 Bd4 30. Rb5+ Ka6 31. Bd5 Bf7 32. Rc7 Bxd5+ 33. exd5 e4 34. d6 e3 35. Rcxb7 g5 36. Bg3 e2 37. Re7 Rfe8 38. Rxg5 Bf6 39. Rxe8 Rxe8 40. Rf5 Be5 41. Be1 Bxd6 42. Rxa5+ Kb6 43. Rh5 Kc6 44. Kc2 Rf8 45. Kd3 Rg8 46. g3 Re8 47. b4 Re7 48. b5+ Kb7 49. Rh4 Rd7 50. Kxe2 Re7+ 51. Kf1 1-0

[Event "EYCC 2017"]
[Site "Mamaia"]
[Date "2017.09.06"]
[Round "2"]
[White "Thybo, Jesper Sondergaard"]
[Black "Radovic, Janko"]
[Result "0-1"]
[WhiteElo "2466"]
[BlackElo "2330"]
[Annotator "TA"]
[PlyCount "84"]
[EventDate "2017.??.??"]
[EventType "swiss"]
[EventCountry "ROU"]
[SourceTitle "playchess.com"]
[Source "ChessBase"]
[SourceQuality "1"]

1. Nf3 Nf6 2. c4 e6 3. g3 d5 4. Bg2 Be7 5. O-O O-O 6. d4 dxc4 7. Qc2 a6 8. a4 Bd7 9. Rd1 Bc6 10. Bg5 Nbd7 11. Nbd2 b5 12. b3 h6 13. Bxf6 Nxf6 14. bxc4 b4 15. a5 Qc8 16. e4 Rd8 17. e5 Nh7 18. Ng5 hxg5 19. Bxc6 Rxd4 20. Bxa8 Qxa8 21. Nb3 Rxd1+ 22. Qxd1 Nf8 23. c5 Qe4 24. Qd4 Qf3 25. Qxb4 Ng6 26. Re1 Qd5 27. Qc3 g4 28. c6 Bg5 29. h3 gxh3 30. f3 f6 31. Kh2 Nxe5 32. Rf1 Ng4+ 33. Kxh3 Ne3 34. Nd2 Qf5+ 35. Kh2 Qh7+ 36. Kg1 Qh3 37. Kf2 Qg2+ 38. Ke1 Qxg3+ 39. Ke2 Nxf1 40. Kxf1 Bxd2 41. Qxd2 Qxf3+ 42. Ke1 Qh1+ 0-1

[Event "EYCC 2017"]
[Site "Mamaia"]
[Date "2017.09.06"]
[Round "2"]
[White "Morozov, Nichita"]
[Black "Domingo Nunez, Alejandro"]
[Result "1-0"]
[WhiteElo "2461"]
[BlackElo "2321"]
[Annotator "TA"]
[PlyCount "41"]
[EventDate "2017.??.??"]
[EventType "swiss"]
[EventCountry "ROU"]
[SourceTitle "playchess.com"]
[Source "ChessBase"]
[SourceQuality "1"]

1. e4 c5 2. Nf3 e6 3. g3 Nc6 4. d3 g6 5. c3 Bg7 6. Bg2 Nge7 7. h4 h5 8. O-O O-O 9. d4 cxd4 10. cxd4 d5 11. e5 Nf5 12. Nc3 b5 13. Bh3 Ba6 14. Bg5 Qd7 15. Re1 Rac8 16. Bxf5 exf5 17. Qb3 Na5 18. Qa3 Nc4 19. Qxa6 b4 20. Qb5 Qe6 21. Nxd5 1-0

[Event "EYCC 2017"]
[Site "Mamaia"]
[Date "2017.09.06"]
[Round "2"]
[White "Janik, Igor"]
[Black "Akhvlediani, Irakli"]
[Result "0-1"]
[WhiteElo "2418"]
[BlackElo "2303"]
[Annotator "TA"]
[PlyCount "68"]
[EventDate "2017.??.??"]
[EventType "swiss"]
[EventCountry "ROU"]
[SourceTitle "playchess.com"]
[Source "ChessBase"]
[SourceQuality "1"]

1. Nf3 Nf6 2. g3 g6 3. b3 Bg7 4. Bb2 O-O 5. Bg2 c5 6. c4 Nc6 7. O-O d6 8. d4 cxd4 9. Nxd4 Bd7 10. Nc3 Rc8 11. e3 a6 12. a4 Na5 13. Rb1 Qb6 14. Ba3 Rfd8 15. Qd3 Nc6 16. Rfd1 Nxd4 17. Qxd4 Qc7 18. Qd2 Bg4 19. Rdc1 Qd7 20. a5 Bh3 21. Bh1 Qf5 22. Na4 Ne4 23. Qc2 Ng5 24. Qd1 Bg4 25. Qd2 Bf3 26. e4 Qxe4 27. Qxg5 Bxh1 28. Qd5 e6 29. Qxe4 Bxe4 30. Nb6 Rc6 31. b4 Bxb1 32. Rxb1 Bd4 33. b5 axb5 34. cxb5 Rc2 0-1

[Event "EYCC 2017"]
[Site "Mamaia"]
[Date "2017.09.06"]
[Round "2"]
[White "Vrolijk, Liam"]
[Black "Coiffait, Pierre-Basile"]
[Result "1-0"]
[WhiteElo "2418"]
[BlackElo "2260"]
[Annotator "TA"]
[PlyCount "49"]
[EventDate "2017.??.??"]
[EventType "swiss"]
[EventCountry "ROU"]
[SourceTitle "playchess.com"]
[Source "ChessBase"]
[SourceQuality "1"]

1. d4 d5 2. c4 e6 3. Nc3 Bb4 4. a3 Bxc3+ 5. bxc3 c6 6. e3 Nf6 7. cxd5 exd5 8. Bd3 O-O 9. Ne2 Ne8 10. O-O Nd6 11. Ng3 f5 12. f3 Nd7 13. e4 fxe4 14. fxe4 dxe4 15. Nxe4 Nxe4 16. Bxe4 Rxf1+ 17. Qxf1 Qh4 18. Bf4 Nb6 19. Re1 Bd7 20. Bd6 Qh6 21. Bb4 Be6 22. Qd3 Bd5 23. Bf5 Nc4 24. Qe2 a5 25. Qe8+ 1-0